Statistics for March 19th: Birthdays

Click here to take the quiz!

General Stats

  • This quiz has been taken 5 times
  • The average score is 3 of 18

Answer Stats

YearClueAnswer% Correct
1813African ExplorerDavid Livingstone
80%
1848Gunfight of the OK Caral participantWyatt Earp
80%
1891Governor of California/Supreme Court JusticeEarl Warren
40%
1947Actress in The Big ChillGlenn Close
40%
1906Holocaust organizerAldolf Eichmann
20%
1904Federal Judge at Watergate hearingsJohn Sirica
20%
1821Explorer and TranslatorRichard Burton
20%
1905Nazi LeaderAlbert Speer
0%
1629Roman tsar of RussiaAleksei Romanov
0%
1829Danish IndustralistCarl Tietgen
0%
1937Last communist leader of East GermanyEgon Krenz
0%
1914Wife of Mao ZedongJiang Qing
0%
1889Last King of PortugalManoel II
0%
1927Baseball Hall of Famer, New York MetsRichie Ashburn
0%
1910CosmonautSergei Anokhin
0%
1883Nobel Prize winner, 1937Sir Walter Haworth
0%
1589First governor of PlymouthWilliam Bradford
0%
1860Secretary of StateWilliam Byran
0%

Score Distribution

Percentile by Number Answered

Percent of People with Each Score

Your Score History

You have not taken this quiz